000 00256nam a22001217a 4500
008 170228b xxu||||| |||| 00| 0 eng d
041 _aeng
080 _a61
100 _a4
101 _aSHM
245 _aMEDICAL BIOTECHNOLOGY
_cSASSON, A
942 _2udc
_cBK
999 _c6383
_d6383